How to Start and Run a Home Day-Care Business / (Registro nro. 40382)
[ vista simple ]
| 000 -CABECERA | |
|---|---|
| campo de control de longitud fija | 00530nam a2200169 a 4500 |
| 001 - NÚMERO DE CONTROL | |
| campo de control | 000040892 |
| 005 - FECHA Y HORA DE LA ÚLTIMA TRANSACCIÓN | |
| campo de control | 20201002034445.0 |
| 008 - DATOS DE LONGITUD FIJA--INFORMACIÓN GENERAL | |
| campo de control de longitud fija | 130910s1997 xxua 000 0 eng d |
| 020 ## - NÚMERO INTERNACIONAL ESTÁNDAR DEL LIBRO | |
| Número Internacional Estándar del Libro | 0806518529 |
| 040 ## - FUENTE DE LA CATALOGACIÓN | |
| Centro catalogador/agencia de origen | DO-SdBNP |
| Lengua de catalogación | spa |
| Centro/agencia transcriptor | BNPHU |
| 082 ## - NÚMERO DE LA CLASIFICACIÓN DECIMAL DEWEY | |
| Número de clasificación | xxxxx |
| Número de documento/Ítem | xxxxx |
| 100 1# - ENTRADA PRINCIPAL--NOMBRE DE PERSONA | |
| Nombre de persona | Argyle, Carolyn |
| 9 (RLIN) | 67323 |
| 245 10 - MENCIÓN DE TÍTULO | |
| Título | How to Start and Run a Home Day-Care Business / |
| Mención de responsabilidad, etc. | Carolyn Argyle ; ilustración Beth Lemcke. |
| 260 ## - PUBLICACIÓN, DISTRIBUCIÓN, ETC. | |
| Lugar de publicación, distribución, etc. | Canada, : |
| Nombre del editor, distribuidor, etc. | Citadel, |
| Fecha de publicación, distribución, etc. | 1997. |
| 300 ## - DESCRIPCIÓN FÍSICA | |
| Extensión | xiii, 178 p. : |
| Otras características físicas | il. ; |
| Dimensiones | 21 cm. |
| 700 1# - PUNTO DE ACCESO ADICIONAL--NOMBRE DE PERSONA | |
| Nombre de persona | Lemcke, Beth, |
| Término indicativo de función/relación | il. |
| 9 (RLIN) | 67324 |
| Estado de retiro | Estado de pérdida | Restricciones de uso | No para préstamo | Código de colección | Localización permanente | Ubicación/localización actual | Ubicación en estantería | Fecha de adquisición | Número de inventario | Total de préstamos | Signatura topográfica completa | Código de barras | Fecha visto por última vez | Precio válido a partir de | Tipo de ítem Koha |
|---|---|---|---|---|---|---|---|---|---|---|---|---|---|---|---|
| Excluido de préstamo | Monografías: Libros y Folletos | General | General | Depósito | 10.09.2013 | LF1 | xxxxx xxxxx | 40892-10 | 25.06.2020 | 25.06.2020 | No se presta |
